| 000 | 01323dam0a2200313 i 4500 | ||
|---|---|---|---|
| 001 | RU\NLR\bibl\880936 | ||
| 005 | 20241215144409.0 | ||
| 010 |
_a5-88267-187-6 _9300 |
||
| 021 |
_aRU _b2005-70105 _93452 |
||
| 035 | _a(NLR Aleph) 000869504 | ||
| 090 |
_a1590542 _c1590542 |
||
| 100 | _a20051130d2003 k y0rusy50 ca | ||
| 101 | 0 | _arus | |
| 102 | _aRU | ||
| 105 | _ay ||||||||| | ||
| 200 | 1 |
_aСоциально-психологические проблемы образования _e[сборник статей] |
|
| 210 |
_aИркутск _cИркутский государственный лингвистический университет _d2003 |
||
| 215 |
_a129 с. _d20 |
||
| 225 | 1 |
_aВестник Иркутского государственного лингвистического университета _vN 7 _iСерия "Психология" _vвып. 2 |
|
| 320 | _aБиблиогр. в примеч. в конце ст. | ||
| 606 | 1 |
_aОбразование _jСборники _xСоциально-психологические проблемы _92175690 _3RU\NLR\auth\661308546 |
|
| 686 | _aС550.55я43 | ||
| 686 | _aЮ984.0я43 | ||
| 801 | 0 |
_aRU _bNLR _c20051130 _grcr |
|
| 801 | 1 |
_aRU _bNLR _c20051130 |
|
| 852 |
_aNLR _jП34/1715 |
||
| 942 | _cBOOK | ||